书目信息 |
| 题名: |
镜头前的艺术
|
|
| 作者: | 任远 , 宋菁 , 朱长江 编著 | |
| 分册: | ||
| 出版信息: | 北京 中国广播电视出版社 2000.05 |
|
| 页数: | 549页 | |
| 开本: | 32开 | |
| 丛书名: | 电视节目制作丛书 | |
| 单 册: | ||
| 中图分类: | G222.3 | |
| 科图分类: | ||
| 主题词: | 电视节目--制作 | |
| 电子资源: | ||
| ISBN: | 7-5043-3492-8 | |
| 000 | 00903nam0 2200265 45 | |
| 001 | 0211261059 | |
| 005 | 20031219104101.5 | |
| 010 | @a7-5043-3492-8@dCNY29.00 | |
| 100 | @a20021126d2000 km y0chiy0120 ea | |
| 101 | 0 | @achi |
| 105 | @aa z 000yy | |
| 200 | 1 | @a镜头前的艺术@AJing Tou Qian De Yi Shu@e影视解读、拍摄与编辑@EYing Shi Jie Du、Pai She Yu Bian Ji@f任远,宋菁,朱长江编著@FRen Yuan,Song Jing,Zhu Chang Jiang Bian Zhu |
| 210 | @a北京@c中国广播电视出版社@d2000.05 | |
| 215 | @a549页@c插图@d32开 | |
| 225 | @a电视节目制作丛书@f任远主编 | |
| 410 | @12001 @a电视节目制作丛书 | |
| 410 | @1700 0@a任远@ARen Yuan@4主编 | |
| 517 | @a影视解读、拍摄与编辑@AYing Shi Jie Du、Pai She Yu Bian Ji | |
| 606 | 0 | @a电视节目@x制作 |
| 690 | @aG222.3@v4 | |
| 701 | @a任远@4编著 | |
| 701 | 0 | @a宋菁@4编著 |
| 701 | 0 | @a朱长江@4编著 |
| 801 | @aCN@bTSTC@c20021126 | |
| 905 | @b318279-283@dG222.3@e13@f5 | |
| 镜头前的艺术:影视解读、拍摄与编辑/任远,宋菁,朱长江编著.-北京:中国广播电视出版社,2000.05 |
| 549页:插图;32开.-(电视节目制作丛书/任远主编) |
| ISBN 7-5043-3492-8:CNY29.00 |
| ● |
| 相关链接 |
|
|
|
|
正题名:镜头前的艺术
索取号:G222.3/13
 
预约/预借
| 序号 | 登录号 | 条形码 | 馆藏地/架位号 | 状态 | 备注 |
| 1 | 0318279 | 203182796 | 密集书库/ [索取号:G222.3/13] | 在馆 | |
| 2 | 0318280 | 203182803 | 密集书库/ [索取号:G222.3/13] | 在馆 | |
| 3 | 0318281 | 203182812 | 第四借阅区/ [索取号:G222.3/13] | 在馆 | |
| 4 | 0318282 | 203182821 | 第四借阅区/ [索取号:G222.3/13] | 在馆 | |
| 5 | 0318283 | 203182830 | 第一样本阅览室/ [索取号:G222.3/13] | 在馆 |